00436nam a22001457a 4500008004100000020001800041040005500059080001600114100002000130245005000150260002700200300001600227650002500243653002200268230627b |||||||| |||| 00| 0 eng d a9789352805082 aNational Science LibrarycNational Science Library a5/6 AGGbQ8 aAggarwal, Varun aLeading science and technology: bIndia next? aLondon: bSage, c2018 axxii, 277p. aTechnology--Research aScience and state